000 00529nam a2200181Ia 4500
005 20250326142013.0
008 250326s9999 xx 000 0 und d
037 _aTextbook
040 _aFMSL
_beng
_cFMSL
041 _aeng
_2eng
084 _aX:89ZB(Y31).44 M8
_qFMSL
100 _aJha S K
_9101956
245 0 _aRural development administration in India
_cJha S K
260 _aNew Delhi
_bNew Delhi, Commonwealth
_c1988
300 _a438p
942 _cTB
_hX:89ZB(Y31).44 M8
999 _c1292994
_d1292994